Muqaddama‑e‑Sher o Shaairi/ (Record no. 614333)
[ view plain ]
| 000 -LEADER | |
|---|---|
| fixed length control field | 00664nam a22001817a 4500 |
| 082 ## - DEWEY DECIMAL CLASSIFICATION NUMBER | |
| Classification number | 808.1 |
| Author Mark | KHA |
| 100 ## - MAIN ENTRY--PERSONAL NAME | |
| Personal name | Altaf Hussain Hali |
| 245 ## - TITLE STATEMENT | |
| Title | Muqaddama‑e‑Sher o Shaairi/ |
| Statement of responsibility, etc. | Hali, Altaf Hussain |
| 260 ## - PUBLICATION, DISTRIBUTION, ETC. | |
| Place of publication, distribution, etc. | Lahore: |
| Name of publisher, distributor, etc. | Al Faisal Publications, |
| Date of publication, distribution, etc. | 2016. |
| 300 ## - PHYSICAL DESCRIPTION | |
| Extent | 196 p. |
| Dimensions | 22cm. |
| 563 ## - BINDING INFORMATION | |
| Binding note | HB. |
| 650 ## - SUBJECT ADDED ENTRY--TOPICAL TERM | |
| Topical term or geographic name entry element | Urdu Literature - Poetry - Critics. |
| 700 ## - ADDED ENTRY--PERSONAL NAME | |
| Personal name | Dr. Ali Muhammad Khan / ڈاکٹر علی محمد خاں |
| 880 ## - ALTERNATE GRAPHIC REPRESENTATION | |
| Linkage | 100-01\(3\r |
| Title | الطاف حسین حالی |
| 880 ## - ALTERNATE GRAPHIC REPRESENTATION | |
| Linkage | 245-02\(03\r |
| Title | مقدمہ شعر و شاعری |
| 880 ## - ALTERNATE GRAPHIC REPRESENTATION | |
| Linkage | 260-03\(03\r |
| Title | لاہور |
| b | الفیصل پبلیکیشنز |
| 942 ## - ADDED ENTRY ELEMENTS (KOHA) | |
| Source of classification or shelving scheme | |
| Koha item type | Book |
| 650 ## - SUBJECT ADDED ENTRY--TOPICAL TERM | |
| -- | 129766 |
| 700 ## - ADDED ENTRY--PERSONAL NAME | |
| -- | 129799 |
| Withdrawn status | Lost status | Source of classification or shelving scheme | Damaged status | Not for loan | Permanent Location | Current Location | Shelving location | Date acquired | Source of acquisition | Total Checkouts | Full call number | Barcode | Date last seen | Price effective from | Koha item type |
|---|---|---|---|---|---|---|---|---|---|---|---|---|---|---|---|
| Central Library (CL) | Central Library (CL) | Urdu Literature | 07/13/2025 | Donation | 808.1 KHA | CL-D-2858 | 07/13/2025 | 07/13/2025 | Book |
